| 000 | 00510nam a2200181Ia 4500 | ||
|---|---|---|---|
| 003 | GCL | ||
| 008 | 140319s9999 xx 000 0 eng d | ||
| 040 |
_aGCL / _cGCL |
||
| 082 | 0 | 4 |
_a526.9 _bH T |
| 100 | 1 | _aHUSAIN, S. K. | |
| 245 | 1 | 0 |
_aTEXTBOOK OF SURVEYING FORCOURSES OF ENGINEERING DEGREES, 5TH REVISED ED / _cHUSAIN, S. K. |
| 700 | 1 | _aNAGARAJ, M. S. | |
| 260 |
_a[S.N] : _bS. CHAND & COMPANY LTD ، _c1992 |
||
| 300 | _a661 P | ||
| 650 | 0 | 4 | _aSURVERYING |
| 650 | 0 | 4 | _aCHAIN SURVEYING |
| 942 |
_2ddc _cBK |
||
| 999 |
_c21766 _d21766 |
||